Política de negocios en mercados competitivos /

Guardado en:
Autor Principal: Wilensky, Alberto L.
Formato: Libro
Idioma:Spanish
Publicado: Buenos Aires : Editorial Tesis : Grupo Editorial Norma, 1991.
Edición:1a. ed.
Materias:
Etiquetas: Agregar Etiqueta
Sin Etiquetas, Sea el primero en etiquetar este registro!
LEADER 00665nam a22001935 4500
001 EAD.ead002779
008 080718s1991####ag#######b####000#0#spa#d
005 20110520114232.0
245 1 0 |a Política de negocios en mercados competitivos /  |c Alberto L. Wilensky. 
250 |a 1a. ed. 
260 |a Buenos Aires :  |b Editorial Tesis :  |b Grupo Editorial Norma,  |c 1991. 
300 |a xx, 308 p. ;  |c 25 cm. 
504 |a Incluye referencias bibliográficas. 
020 |a 9507180281 
100 1 |a Wilensky, Alberto L. 
082 0 4 |a 658.835  |2 21 
650 4 |a Marketing.  |2 isoc 
650 7 |a Estrategia competitiva.  |2 isoc 
859 |a AR-BaBDC  |b BIB. ADMINISTRACION - Libros  |h 658.835  |i W647  |p b02518